000 00621cam a2200205 i 4500
005 20251108175616.0
008 250721s2010 ua gr 000 0 ara d
020 _a97897717765544
082 1 4 _a153.6
_bف ك ر
100 1 _aفكري، إيهاب
_eمؤلف.
245 1 0 _aفن الكلام /
_cد. ايهاب فكري.
250 _aالطبعة الأ(ولى.
264 1 _aالقاهرة :
_bدار دون،
_c2010.
300 _a121صفحة.
650 1 7 _aاداب السلوك.
650 1 7 _aمهارات الاتصال.
650 1 7 _aالكلام.
942 _2ddc
_cBK
999 _c138160
_d138160